Bundesland zu Hauptstadt - Klick Quiz - Statistiken

Allgemein
  • Dieses Quiz wurde 207 mal gespielt
  • Das Durchschnittsergebnis liegt bei 14 aus 16
Antwortstatistiken
Hint Antwort % Korrekt
Bremen Bremen
94%
Berlin Berlin
93%
Hamburg Hamburg
93%
Saarland Saarbrücken
91%
Baden-Württemberg Stuttgart
91%
Brandenburg Potsdam
90%
Bayern München
89%
Sachsen Dresden
88%
Nordrhein-Westfalen Düsseldorf
87%
Niedersachsen Hannover
86%
Thüringen Erfurt
85%
Schleswig-Holstein Kiel
85%
Mecklenburg-Vorpommern Schwerin
85%
Sachsen-Anhalt Magdeburg
81%
Rheinland-Pfalz Mainz
81%
Hessen Wiesbaden
78%
Keine übereinstimmenden Quizze gefunden
Verteilung der Resultate
Anzahl Personen mit jedem Resultat
Perzentil nach korrekt beantworteten Fragen
Ihre Resultats-Entwicklung
Sie haben dieses Quiz noch nicht gespielt